Χέγκελ : από τα πρώτα πολιτικά κείμενα στην φαινομενολογία του πνεύματος

Αποθηκεύτηκε σε:
Λεπτομέρειες βιβλιογραφικής εγγραφής
Κύριος συγγραφέας: Ψυχοπαίδης, Κοσμάς, 1944-2004
Μορφή: Βιβλίο
Γλώσσα:Greek
Δημοσίευση: Αθήνα : Πόλις, c2003.
Θέματα:
Ετικέτες: Προσθήκη ετικέτας
Δεν υπάρχουν, Καταχωρήστε ετικέτα πρώτοι!

MARC

LEADER 00000nam a2200000 a 4500
001 1/125540
008 221024s2003####gr | ||| |||| ||gre||
020 |a 9608132975 
040 |a GR-MyUa  |b gre  |c GR-MyUa  |e AACR2 
041 0 |a gre 
082 7 |a 193   |2 (23) 
100 1 |a Ψυχοπαίδης, Κοσμάς,   |d 1944-2004. 
245 1 0 |a Χέγκελ :   |b από τα πρώτα πολιτικά κείμενα στην φαινομενολογία του πνεύματος /   |c Κοσμάς Ψυχοπαίδης. 
260 |a Αθήνα :   |b Πόλις,   |c c2003. 
300 |a 323 σ. ;   |c 24 εκ. 
504 |a Περιλαμβάνει βιβλιογραφία: σ. 321-323. 
600 1 0 |a Hegel, Georg Wilhelm Friedrich,   |d 1770-1831. 
852 |a INST  |b SYROS  |e 20221024  |h 193 ΨΥΧ  |p 005500015602  |q 005500015602  |t BK  |y 0 
970 |a Κοντού  |b Παρασκευή  |z 24/10/2022